01450nabaa22002057a 4500003000400000005001700004008004100021040000700062100003100069245012500100300001300225500003700238505067400275505008900949650002701038650002301065650001501088700002001103773012101123OSt20260125205019.0190701b xxu||||| |||| 00| 0 spa d cPJ aFlores, Álvaro Bautista 13aLas perspectivas del contrato de concesión de obra pública en la República Argentina /cÁlvaro Bautista Flores.  ap. 62-80 aCita: TR LALEY AR/DOC/2727/2024  aSumario: I. Consideraciones iniciales.— II. Lineamientos acerca del contrato de concesión de obra pública.— III. Los principios aplicables al contrato de concesión de obra pública.— IV. Las modalidades en el contrato de concesión de obra pública.— V. La garantía del financiamiento.— VI. El procedimiento de selección, la iniciativa privada y el régimen legal aplicable.— VII. El contenido de la documentación contractual.— VIII. El mantenimiento de la ecuación económico-financiera.— IX. El tratamiento de la extinción anticipada de la concesión.— X. Los mecanismos de resolución de conflictos.— XI. Palabras finales.  t¿Te interesa el texto completo? Comunicate al correo: koha@justierradelfuego.gov.ar 0aDERECHO ADMINISTRATIVO 0aREFORMA DEL ESTADO 0aCONTRATOS  aSraiber, Elisa 0 02842dBuenos Aires : AbeledoPerrot, 2012-oDA121tDerecho administrativo. Nº 156 noviembre/diciembre 2024z18510590